| Tag |
First Indicator |
Second Indicator |
Subfields |
| LEADER |
00000cam a2200000 a 4500 |
| 001 |
in00000002182 |
| 007 |
he bmb024bbca |
| 008 |
990330s1998 dcua bb f000 0 eng d |
| 005 |
20230309222529.4 |
| 035 |
|
|
|a (OCoLC)41067647
|
| 035 |
|
|
|9 AJF0585AM
|
| 035 |
|
|
|a in00000002182
|
| 037 |
|
|
|a PB 98-910401
|b NTIS
|
| 040 |
|
|
|a GPO
|c GPO
|d DLC
|d MvI
|d UtOrBLW
|
| 043 |
|
|
|a n-us-fl
|
| 049 |
|
|
|a WWW
|
| 074 |
|
|
|a 0982-I-09 (MF)
|
| 074 |
|
|
|a 0982-I-09 (online)
|
| 086 |
0 |
|
|a TD 1.112:98/01
|
| 088 |
|
|
|a DCA 96 MA 068
|
| 110 |
1 |
|
|a United States.
|b National Transportation Safety Board.
|
| 245 |
1 |
0 |
|a Uncontained engine failure, Delta Air Lines flight 1288, McDonnell Douglas MD-88, N927DA, Pensacola, Florida, July 6, 1996 /
|c National Transportation Safety Board.
|
| 264 |
|
1 |
|a Washington, D.C. :
|b The Board ;
|c [1998]
|
| 264 |
|
2 |
|a Springfield, Va. :
|b National Technical Information Service [distributor],
|
| 300 |
|
|
|a vi, 129 pages :
|b illustrations ;
|c 28 cm.
|
| 336 |
|
|
|a text
|b txt
|2 rdacontent
|
| 337 |
|
|
|a microform
|b h
|2 rdamedia
|
| 338 |
|
|
|a microfiche
|b he
|2 rdacarrier
|
| 490 |
1 |
|
|a Aircraft accident report ;
|v NTSB/AAR-98/01
|
| 500 |
|
|
|a Shipping list number: 99-0206-M.
|
| 500 |
|
|
|a "Adopted: January 13, 1998."
|
| 504 |
|
|
|a Includes bibliographical references.
|
| 500 |
|
|
|a "Notation 6725C."
|
| 500 |
|
|
|a "DCA96MA068"--Cover.
|
| 533 |
|
|
|a Microfiche.
|b [Washington, D.C.] :
|c Supt. of Docs., U.S. G.P.O.,
|d [1998]
|e 2 microfiches : negative.
|
| 530 |
|
|
|a Also available via Internet from the NTSB web site (PDF file only).
|
| 500 |
|
|
|a Microform.
|
| 650 |
|
0 |
|a Aircraft accidents
|z Florida
|z Pensacola.
|
| 650 |
|
0 |
|a Airplanes
|x Takeoff
|x Accidents
|z Florida
|z Pensacola.
|
| 650 |
|
0 |
|a Jet engines
|x Maintenance and repair.
|
| 830 |
|
0 |
|a Aircraft accident report (United States. National Transportation Safety Board) ;
|v NTSB/AAR-98/01.
|
| 856 |
4 |
1 |
|u https://purl.fdlp.gov/GPO/LPS2536
|z Adobe Acrobat Reader required to view document
|t 0
|
| 999 |
|
|
|a MARS
|
| 999 |
f |
f |
|i 96dc6549-213a-32fb-9e6a-85201cf5c920
|s 1f16473a-ff14-3a23-a2b4-a636e2b5166a
|t 0
|
| 952 |
f |
f |
|p normal
|a Texas A&M University
|b College Station
|c Sterling C. Evans Library
|d Evans: US Documents Microfiche (3rd floor)
|t 0
|e TD 1.112:98/01
|h Superintendent of Documents classification
|i microform -- microfiche
|m A14824461657
|
| 952 |
f |
f |
|a Texas A&M University
|b College Station
|c Electronic Resources
|d Available Online
|t 0
|e TD 1.112:98/01
|h Superintendent of Documents classification
|
| 998 |
f |
f |
|a TD 1.112:98/01
|t 0
|l Evans: US Documents Microfiche (3rd floor)
|
| 998 |
f |
f |
|a TD 1.112:98/01
|t 0
|l Available Online
|